Software design: from programming to architecture (Record no. 5577)
[ view plain ]
| 000 -LEADER | |
|---|---|
| fixed length control field | 00573 a2200193 4500 |
| 020 ## - INTERNATIONAL STANDARD BOOK NUMBER | |
| International Standard Book Number | 0-471-20459-5 |
| 020 ## - INTERNATIONAL STANDARD BOOK NUMBER | |
| International Standard Book Number | 0-471-42920-1 |
| 040 ## - CATALOGING SOURCE | |
| Original cataloging agency | DLC |
| Language of cataloging | DLC |
| 082 00 - DEWEY DECIMAL CLASSIFICATION NUMBER | |
| Classification number | 005.1 |
| 100 1# - MAIN ENTRY--PERSONAL NAME | |
| Personal name | Braude, Eric J. |
| 245 10 - TITLE STATEMENT | |
| Title | Software design: from programming to architecture |
| Remainder of title | from programming to architecture |
| Statement of responsibility, etc. | Eric J. Braude |
| 260 ## - PUBLICATION, DISTRIBUTION, ETC. | |
| Place of publication, distribution, etc. | New York : |
| Name of publisher, distributor, etc. | J. Wiley, |
| Date of publication, distribution, etc. | cop. 2004 |
| 300 ## - PHYSICAL DESCRIPTION | |
| Extent | xx, 550 s. : |
| Other physical details | ill. |
| 650 #0 - SUBJECT ADDED ENTRY--TOPICAL TERM | |
| Topical term or geographic name entry element | Computer software |
| General subdivision | Development |
| 650 #0 - SUBJECT ADDED ENTRY--TOPICAL TERM | |
| Topical term or geographic name entry element | Software patterns |
| 650 #0 - SUBJECT ADDED ENTRY--TOPICAL TERM | |
| Topical term or geographic name entry element | Systemutveckling |
| 650 #0 - SUBJECT ADDED ENTRY--TOPICAL TERM | |
| Topical term or geographic name entry element | System design |
| 942 ## - ADDED ENTRY ELEMENTS (KOHA) | |
| Koha item type | Book |
| Call number prefix | 005.1 BRA |
| Source of classification or shelving scheme | |
| Withdrawn status | Lost status | Damaged status | Not for loan | Collection code | Permanent Location | Current Location | Shelving location | Date acquired | Source of acquisition | Cost, normal purchase price | Total Checkouts | Total Renewals | Full call number | Barcode | Date last seen | Date last checked out | Price effective from | Koha item type | Checked out |
|---|---|---|---|---|---|---|---|---|---|---|---|---|---|---|---|---|---|---|---|
| Central Library (CL) | Central Library (CL) | First Floor - Software Engineering/ Programming Language | 06/18/2004 | Progressive International Agencies | 2587.41 | 2 | 2 | 005.1 BRA | SEECS004602 | 05/13/2024 | 07/15/2019 | 01/05/2017 | Book | ||||||
| Central Library (CL) | Central Library (CL) | First Floor - Software Engineering/ Programming Language | 12/08/2004 | Academic Book Company | 441.88 | 1 | 1 | 005.1 BRA | SEECS005131 | 02/10/2015 | 02/10/2015 | 01/05/2017 | Book | 12/14/2021 | |||||
| Central Library (CL) | Central Library (CL) | First Floor - Software Engineering/ Programming Language | 12/08/2004 | Allied Book Company | 441.88 | 1 | 005.1 BRA | SEECS005130 | 05/04/2024 | 02/17/2015 | 01/05/2017 | Book | |||||||
| Central Library (CL) | Central Library (CL) | First Floor - Software Engineering/ Programming Language | 08/21/2004 | Progressive International Agencies | 434.07 | 1 | 1 | 005.1 BRA | SEECS004700 | 02/13/2023 | 02/17/2015 | 01/05/2017 | Book |
